Statistics for Top 31 Ice Cream Flavors

Click here to take the quiz!

General Stats

  • This quiz has been taken 151 times
  • The average score is 12 of 31

Answer Stats

Best Ice Creams% Correct
8Chocolate
99%
11Vanilla
99%
21Strawberry
98%
2Mint
83%
26Cookie Dough
66%
9Cookies and Cream
62%
7Coffee
58%
16Rocky Road
54%
23Lemon
51%
28Cherry
50%
6Chocolate Chip
50%
14Pistachio
50%
15Banana Nut
49%
30Neapolitan
38%
3Almond Fudge
36%
29Birthday Cake
35%
17Coconut
32%
25Key Lime
31%
4Moose Tracks
27%
12Butter Pecan
25%
19Peach
24%
20Peanut Butter Cup
12%
27Rum Raisin
12%
5Black Raspberry
9%
22Matcha
8%
1Turtle
8%
24Cinnamon
7%
10Strawberry Cheesecake
7%
13Dulce de Leche
5%
18Chocolate Sundae Swirl
2%
31Gum
1%

Score Distribution

Percentile by Number Answered

Percent of People with Each Score

Your Score History

You have not taken this quiz